Central Library OPAC University of Rajshahi

Welding principles for engineers / (Record no. 16702)

MARC details
000 -LEADER
fixed length control field 00745nam a22002531 4500
001 - CONTROL NUMBER
control field 16702
003 - CONTROL NUMBER IDENTIFIER
rucl marc code BD-RjUL
005 - DATE AND TIME OF LATEST TRANSACTION
control field 20211209000036.0
008 - FIXED-LENGTH DATA ELEMENTS--GENERAL INFORMATION
fixed length control field 750606r19561951nyua b 001 0 eng d
035 ## - SYSTEM CONTROL NUMBER
System control number (BD-RjUL)16757
System control number (OCoLC)1378075
040 ## - CATALOGING SOURCE
Original cataloging agency DLC
Transcribing agency DSI
Modifying agency OCoLC
-- DLC
-- BD-RjUL
Language of cataloging eng
041 ## - LANGUAGE CODE
Language code of text/sound track or separate title eng
082 00 - DEWEY DECIMAL CLASSIFICATION NUMBER
Classification number 671
Author mark and year MOW 1956
100 1# - MAIN ENTRY--PERSONAL NAME
Personal name Morris, Joe Lawrence.
9 (RLIN) 51591
245 10 - TITLE STATEMENT
Title Welding principles for engineers /
Statement of responsibility, etc. Joe Lawrence Morris.
260 ## - PUBLICATION, DISTRIBUTION, ETC. (IMPRINT)
Place of publication, distribution, etc. New York :
Name of publisher, distributor, etc. Prentice-Hall,
Date of publication, distribution, etc. 1951 [reprinted 1956].
300 ## - PHYSICAL DESCRIPTION
Pagination xiii, 511 p. :
Illustrations illus.
Size 22 cm.
504 ## - BIBLIOGRAPHY, ETC. NOTE
Bibliography, etc Includes bibliographical references and indexes.
650 #0 - SUBJECT ADDED ENTRY--TOPICAL TERM
Topical term or geographic name as entry element Welding.
9 (RLIN) 51592
942 ## - ADDED ENTRY ELEMENTS (KOHA)
Source of classification or shelving scheme Dewey Decimal Classification
Koha item type Books
Holdings
Lost status Source of classification or shelving scheme Damaged status Not for loan Collection code Permanent Location Current Location Shelving location Date acquired Source of acquisition Cost, normal purchase price Total Checkouts Full call number Date last seen Copy number Koha item type
  Dewey Decimal Classification   Not For Loan Non-fiction Central Library, University of Rajshahi Central Library, University of Rajshahi Reading Room 26/01/1962 B.H.Black Well. 0.00   671 MOW 1956 15/02/2014 C-1 Books